| 000 | 01406nam a22002897a 4500 | ||
|---|---|---|---|
| 001 | 7959 | ||
| 003 | FISKH | ||
| 005 | 20251121152006.0 | ||
| 008 | 250815b cb ||||| |||| 00| 0 eng d | ||
| 020 | _a9781592495535 | ||
| 040 |
_aFISKH _beng _cFISKH _dFISKH |
||
| 050 | _aPZ7 | ||
| 082 | _a300 | ||
| 100 |
_aGalvin, Gate Laura _d(1963-) |
||
| 245 |
_aWhat's that sound? / _cBy Laura Gates Galvin |
||
| 250 | _aThis edition first published in 2006 | ||
| 260 |
_aCanada : _bLittleSound, _c2006 |
||
| 300 |
_a24 unnumbered pages : _bcolor illustrations ; _c21 cm |
||
| 505 | _aE | ||
| 520 | _aDuring the winter of 1863-1864, 1,200 Union officers lived in squalor and semi-starvation in Richmond's Libby Prison, known as "The Bastille of the South." On February 9, 109 of those officers wriggled through a fifty-five-foot tunnel to freedom. After an all-out Rebel manhunt, survivors reached Washington, and their testimony spurred far-reaching investigations into the treatment of Union prisoners. Libby Prison Breakout tells the largely unknown story of the most important escape of the Civil War from a Confederate prison, one that ultimately increased the North's and South's willingness to use prisoners in waging "total war." | ||
| 521 | 8 |
_a160
_bLexile |
|
| 521 | 8 |
_aE
_bRaz-Plus |
|
| 650 |
_2Preschool _aFiction |
||
| 650 |
_2Children's _aWar |
||
| 942 |
_2ddc _cBK _n0 |
||
| 999 |
_c7959 _d7959 |
||